000 00306nam a2200121Ia 4500
008 220217s9999||||xx |||||||||||||| ||und||
082 _a658 TRI
100 _aTripathi,P.C
245 0 _aPrinciples of management
260 _aTat mcgraw hill
_bNew Delhi
_c2008
300 _b250
650 _aMANAGEMENT
999 _c176842
_d176842